[Event "Druzynowe Mistrzostwa Polski Juniorow - Ekstraliga"]
[Site "Suchedniow"]
[Date "1899-12-30"]
[Round "3.14"]
[White "Holownia, Michal"]
[Black "Pultorak, Jan"]
[Result "0-1"]
[WhiteTitle "I"]
[BlackTitle "FM"]
[WhiteElo "1926"]
[BlackElo "2296"]

1. e4 c5 2. Nf3 d6 3. d4 Nf6 4. Nc3 cxd4 5. Nxd4 a6 6. Bg5 Nbd7 7. Qe2 g6 8. f4
Bg7 9. O-O-O O-O 10. g4 e5 11. Nb3 Qc7 12. h4 b5 13. Bxf6 Nxf6 14. g5 Nh5 15.
Nd5 Qd8 16. f5 f6 17. Rg1 Nf4 18. Nxf4 exf4 19. Qd2 Ra7 20. Qxf4 fxg5 21. hxg5
gxf5 22. g6 Qf6 23. gxh7+ Kh8 24. c3 Bh6 0-1

[Event "Druzynowe Mistrzostwa Polski Juniorow - Ekstraliga"]
[Site "Suchedniow"]
[Date "1899-12-30"]
[Round "3.15"]
[White "Teclaf, Pawel"]
[Black "Strugarek, Lukasz"]
[Result "1-0"]
[WhiteTitle "CM"]
[BlackTitle "II"]
[WhiteElo "2191"]
[BlackElo "1407"]

1. e4 c5 2. Nf3 Nc6 3. d4 cxd4 4. Nxd4 Nf6 5. Nc3 d6 6. Bc4 e5 7. Nf3 Be7 8. O-O
O-O 9. Re1 Be6 10. Bb3 Rc8 11. Bg5 Na5 12. Bxf6 Bxf6 13. Nd2 Nc4 14. Nxc4 Bxc4
15. Bxc4 Rxc4 16. Nd5 Be7 17. c3 f5 18. Qb3 b5 19. a4 Kh8 20. axb5 Rxe4 21. Rxe4
fxe4 22. Rxa7 Bh4 23. g3 e3 24. Nxe3 Qf6 25. Qc2 Bg5 26. Qf5 Bxe3 27. Qxf6 gxf6
28. fxe3 Rb8 29. c4 Kg8 30. b3 Rb6 31. Ra6 Rb7 32. Rxd6 1-0

[Event "Druzynowe Mistrzostwa Polski Juniorow - Ekstraliga"]
[Site "Suchedniow"]
[Date "1899-12-30"]
[Round "3.16"]
[White "Kawaler, Adam"]
[Black "Oglaza, Oskar"]
[Result "1/2-1/2"]
[WhiteTitle "I"]
[BlackTitle "k"]
[WhiteElo "1761"]
[BlackElo "2107"]

1. d4 Nf6 2. Nf3 e6 3. e3 c5 4. c4 cxd4 5. exd4 d5 6. Nc3 b6 7. Ne5 Be7 8. cxd5
exd5 9. Bb5+ Bd7 10. Qe2 O-O 11. Bxd7 Nfxd7 12. Nxd5 Nxe5 13. Nxe7+ Qxe7 14. dxe5
Nc6 15. f4 Nd4 16. Qe4 Qb4+ 17. Kf2 Rac8 18. Rd1 Rc2+ 19. Kf1 Qc4+ 20. Qd3 Ne6
21. Qxc4 Rxc4 22. b3 Rc2 23. Be3 f6 24. Kg1 fxe5 25. fxe5 Rf5 26. Re1 Rxe5 27.
Bxb6 Rxa2 28. Rxa2 Rxe1+ 29. Kf2 Rb1 30. Bxa7 Rxb3 31. Be3 Rb7 1/2-1/2

[Event "Druzynowe Mistrzostwa Polski Juniorow - Ekstraliga"]
[Site "Suchedniow"]
[Date "1899-12-30"]
[Round "3.17"]
[White "Kopica, Paulina"]
[Black "Frej, Zofia"]
[Result "1-0"]
[WhiteTitle "I++"]
[BlackTitle "I++"]
[WhiteElo "1899"]
[BlackElo "1929"]

1. e4 e6 2. d4 d5 3. e5 c5 4. c3 Nc6 5. Nf3 cxd4 6. cxd4 Nge7 7. a3 Nf5 8. b4 Qb6
9. Bb2 Be7 10. Bd3 O-O 11. Bxf5 exf5 12. Nc3 Be6 13. O-O Rac8 14. Na4 Qd8 15.
Rc1 b6 16. Qd3 Qd7 17. Nc3 Rfd8 18. Ne2 g6 19. Rc3 Nb8 20. Rfc1 Rxc3 21. Rxc3
Rc8 22. Bc1 Rxc3 23. Nxc3 Qc7 24. Bg5 Bxg5 25. Nxg5 h6 26. Nh3 g5 27. f4 g4 28.
Nf2 a5 29. bxa5 bxa5 30. Nfd1 Nc6 31. Nb5 Qb6 32. Ndc3 Ne7 33. Na4 Qc6 34. Nc5
Qb6 35. Qb3 Nc6 36. Nc3 Qxb3 37. Nxb3 h5 38. Kf2 Kf8 39. Ke3 Bc8 40. Nc5 Ne7 41.
Nb5 h4 42. Nc7 Kg7 43. Nb3 Nc6 44. Nc5 Ne7 45. g3 h3 46. Kd3 Kh6 47. Ke3 Kg7 48.
Ne8+ Kh6 49. Nd6 Kg7 50. Nb3 Bd7 51. Nxa5 Ng6 52. Kf2 Kf8 53. Nab7 Ke7 54. Nc5
Be6 55. Ndb7 Nf8 56. a4 Nd7 57. Nxd7 Kxd7 58. Ke3 Kc6 59. Nc5 Kb6 60. Kd3 Ka5
61. Kc3 Bc8 62. Kb3 Ba6 63. Nxa6 Kxa6 64. Kb4 Kb6 65. a5+ Ka6 66. Ka4 Ka7 67.
Kb5 Kb7 68. Kc5 1-0

[Event "Druzynowe Mistrzostwa Polski Juniorow - Ekstraliga"]
[Site "Suchedniow"]
[Date "1899-12-30"]
[Round "3.18"]
[White "Czarniecka, Aleksandra"]
[Black "Sowa, Wiktoria"]
[Result "0-1"]
[WhiteTitle "I"]
[BlackTitle "I"]
[WhiteElo "1631"]
[BlackElo "1539"]

1. e4 c5 2. Nf3 d6 3. d4 cxd4 4. Nxd4 Nf6 5. Nc3 g6 6. Be3 Bg7 7. f3 O-O 8. Qd2
Nc6 9. Bc4 Bd7 10. O-O-O Rc8 11. Bb3 Ne5 12. g4 Nc4 13. Bxc4 Rxc4 14. Kb1 b5 15.
h4 h5 16. gxh5 Nxh5 17. Nce2 a5 18. Bh6 a4 19. Bxg7 Kxg7 20. e5 Qc7 21. exd6 Qxd6
22. Qe3 Qc5 23. b3 Qa3 24. Qe5+ f6 25. Qd5 axb3 26. cxb3 Rc7 27. Rhg1 Ra8 28.
Rd2 e5 29. Nxb5 Bxb5 30. Qxb5 Raa7 31. Qd3 Rd7 32. Qxg6+ Kf8 33. Qh6+ Ke7 34.
Rxd7+ Rxd7 35. Qxh5 Rd2 36. Rg7+ Kd6 37. Rd7+ Kxd7 38. Qf7+ Qe7 39. Qxe7+ Kxe7
40. Ng3 Ke6 41. Ne4 Rh2 42. a4 f5 43. Nc3 Kd6 44. h5 Kc5 45. h6 Kb4 46. Nd5+ Kxb3
47. Kc1 Rxh6 48. Ne7 Kc3 49. Kd1 Kd3 50. Ke1 f4 51. Nd5 Kd4 52. Nc7 Ke3 53. Kd1
Rd6+ 54. Ke1 Rc6 55. Nd5+ Kxf3 56. Ne7 Ra6 57. Kd2 Rxa4 58. Ng6 Ra2+ 59. Ke1 e4
0-1

[Event "Druzynowe Mistrzostwa Polski Juniorow - Ekstraliga"]
[Site "Suchedniow"]
[Date "1899-12-30"]
[Round "3.19"]
[White "Nowak, Kamil"]
[Black "Kiolbasa, Oliwia"]
[Result "1/2-1/2"]
[WhiteTitle "k+"]
[BlackTitle "WIM"]
[WhiteElo "2313"]
[BlackElo "2318"]

1. d4 d5 2. Nf3 Nf6 3. c4 c6 4. Nc3 dxc4 5. a4 Bf5 6. Ne5 Nbd7 7. Nxc4 Qc7 8. g3
e5 9. dxe5 Nxe5 10. Bf4 Nfd7 11. Bg2 g5 12. Nxe5 gxf4 13. Nxd7 Bxd7 14. Qd4 Rg8
15. O-O-O Bg7 16. Qe4+ Qe5 17. gxf4 Qxe4 18. Bxe4 f5 19. Bc2 O-O-O 20. Bb3 Rge8
21. e3 a5 22. Rhg1 Re7 23. Ne2 Kc7 24. Nd4 Bh8 25. Rg5 Rf8 26. Bc2 Ref7 27. Nf3
Re7 28. Rdg1 Be6 29. Rh5 b5 30. Rgg5 Bf6 31. Rg3 bxa4 32. Bxa4 Rb8 33. Ne5 Bxe5
34. fxe5 Rb4 35. Bc2 f4 36. exf4 Rxf4 37. f3 Bd5 38. Rxh7 Rxh7 39. Bxh7 Kd7 40.
Bg8 Bxg8 41. Rxg8 Rxf3 42. Ra8 Rh3 43. Rxa5 Rxh2 44. Rc5 Re2 45. b4 Re4 46. b5
cxb5 47. Rxb5 Ke6 48. Kd2 Rxe5 49. Rxe5+ Kxe5 1/2-1/2

[Event "Druzynowe Mistrzostwa Polski Juniorow - Ekstraliga"]
[Site "Suchedniow"]
[Date "1899-12-30"]
[Round "3.20"]
[White "Szostko, Jakub"]
[Black "Grela, Kacper"]
[Result "1-0"]
[WhiteTitle "k"]
[BlackTitle "FM"]
[WhiteElo "2246"]
[BlackElo "2274"]

1. e4 c5 2. Nf3 Nc6 3. d4 cxd4 4. Nxd4 Qb6 5. Nb3 Nf6 6. Nc3 e6 7. Qe2 Bb4 8. Bd2
O-O 9. O-O-O d5 10. e5 Ne8 11. a3 Be7 12. Be3 Qc7 13. f4 f6 14. exf6 Bxf6 15.
Nb5 Qb8 16. g3 a6 17. N5d4 Nd6 18. Bg2 Re8 19. Rhe1 Qc7 20. Kb1 Bd7 21. Bg1 Rac8
22. Qd3 Nxd4 23. Nxd4 Bb5 24. Nxb5 Nxb5 25. a4 Nd4 26. c3 Nb3 27. Rxe6 Red8 28.
Bb6 Qd7 29. Bxd8 Rxd8 30. Rxf6 gxf6 31. Qxd5+ 1-0

[Event "Druzynowe Mistrzostwa Polski Juniorow - Ekstraliga"]
[Site "Suchedniow"]
[Date "1899-12-30"]
[Round "3.21"]
[White "Czopor, Maciej"]
[Black "Kosakowski, Jakub"]
[Result "1-0"]
[WhiteTitle "I++"]
[BlackTitle "k"]
[WhiteElo "2016"]
[BlackElo "2122"]

1. e4 c5 2. Nf3 d6 3. d4 cxd4 4. Nxd4 Nf6 5. Nc3 a6 6. Be2 e5 7. Nb3 Be7 8. Be3
Be6 9. Nd5 Nbd7 10. Qd3 O-O 11. O-O Bxd5 12. exd5 Rc8 13. c4 Re8 14. Qd2 b6 15.
f3 a5 16. Rac1 Bf8 17. Na1 g6 18. Nc2 Nc5 19. Na3 Nh5 20. Nb5 Qd7 21. b3 f5 22.
Rb1 Bg7 23. a3 a4 24. b4 Nb3 25. Rxb3 axb3 26. Bxb6 Nf4 27. Rb1 Nxe2+ 28. Qxe2
e4 29. f4 e3 30. Rxb3 Re4 31. Rxe3 Rcxc4 32. Rxe4 Rxe4 33. Qd3 Rxf4 34. Be3 Re4
35. Bd2 Qd8 36. a4 Qb6+ 37. Kf1 Qa6 38. Qc2 h5 39. Kf2 h4 40. g3 hxg3+ 41. hxg3
Qb6+ 42. Kf1 Qd8 43. Qc7 Qa8 44. Nxd6 Rd4 45. Qf7+ Kh8 46. Ne8 Be5 47. Qf8+ Kh7
48. Qh6+ Kg8 49. Qxg6+ Kh8 50. Qh6+ Kg8 51. Qe6+ Kh7 52. Qxf5+ Kg8 53. Qe6+ Kh7
54. Qf7+ Kh8 55. Qf8+ Kh7 56. Nf6+ Bxf6 57. Qxa8 Rxd2 58. Qa7+ Kg6 59. Qe3 Rxd5
60. Qe4+ Rf5+ 61. Kg2 Kg5 62. a5 1-0

[Event "Druzynowe Mistrzostwa Polski Juniorow - Ekstraliga"]
[Site "Suchedniow"]
[Date "1899-12-30"]
[Round "3.22"]
[White "Pytel, Maciej"]
[Black "Dytman, Radoslaw"]
[Result "1/2-1/2"]
[WhiteTitle "I"]
[BlackTitle "II+"]
[WhiteElo "2000"]
[BlackElo "1479"]

1. e4 e5 2. Nf3 Nc6 3. Bc4 Bc5 4. c3 Nf6 5. d3 d6 6. Bb3 O-O 7. Nbd2 a6 8. h3 Be6
9. Nf1 d5 10. Qe2 dxe4 11. dxe4 Bxb3 12. axb3 Qd7 13. Bg5 Qe6 14. b4 Bb6 15. Ng3
Ne8 16. O-O Nd6 17. Nh4 Ne7 18. Bxe7 Qxe7 19. Qg4 Qe6 20. Nhf5 Nxf5 21. exf5 Qh6
22. Qe4 c6 23. Rad1 Qg5 24. Kh2 Qe7 25. f4 Bc7 26. f6 Qxf6 27. f5 Rad8 28. Rxd8
Rxd8 29. h4 Rd6 30. Qg4 Qh6 31. Ne4 Rd8 32. Rf3 f6 33. Kh3 b6 34. Nf2 b5 35. Qe4
Bb6 36. Nd3 Rd6 37. Qe2 Ba7 38. Nc5 Bxc5 39. bxc5 Rd5 40. b4 Qd2 41. Qe4 Qc1 42.
Kg3 Qh6 43. Qc2 Qd2 44. Qe4 Qh6 45. Qc2 Qd2 46. Qe4 Qh6 47. Kh2 Qc1 48. Kg3 1/2-1/2

[Event "Druzynowe Mistrzostwa Polski Juniorow - Ekstraliga"]
[Site "Suchedniow"]
[Date "1899-12-30"]
[Round "3.23"]
[White "Dadello, Aleksandra"]
[Black "Burakowska, Gabriela"]
[Result "1-0"]
[WhiteTitle "I++"]
[BlackTitle "I++"]
[WhiteElo "1958"]
[BlackElo "1841"]

1. e4 c5 2. Nf3 e6 3. d4 cxd4 4. Nxd4 a6 5. Bd3 Nf6 6. O-O Qc7 7. Qe2 d6 8. c4
b6 9. Nc3 Bb7 10. Kh1 Nbd7 11. b3 Be7 12. Bb2 Rc8 13. f4 O-O 14. Rae1 e5 15. Nf5
Rfe8 16. Nd5 Nxd5 17. exd5 Bf8 18. Qg4 Nc5 19. Bb1 f6 20. fxe5 dxe5 21. Nh6+ Kh8
22. Rxf6 gxh6 23. Qf5 Qd7 24. Rxf8+ Rxf8 25. Qxe5+ 1-0

[Event "Druzynowe Mistrzostwa Polski Juniorow - Ekstraliga"]
[Site "Suchedniow"]
[Date "1899-12-30"]
[Round "3.24"]
[White "Kalinowska, Zuzanna"]
[Black "Harazinska, Magdalena"]
[Result "1-0"]
[WhiteTitle "k"]
[BlackTitle "I++"]
[WhiteElo "1910"]
[BlackElo "1811"]

1. d4 d5 2. Nf3 Nf6 3. c4 dxc4 4. e3 e6 5. Bxc4 c5 6. O-O a6 7. a4 Nc6 8. Qe2 cxd4
9. Rd1 Be7 10. exd4 O-O 11. Nc3 Nb4 12. Bg5 Nbd5 13. Ne5 h6 14. Bh4 Qa5 15. Qf3
Nd7 16. Bg3 N7b6 17. Bb3 Bf6 18. Bc2 Nb4 19. Be4 Bxe5 20. Bxe5 Nc4 21. Qg3 Nxe5
22. Qxe5 Qxe5 23. dxe5 Rb8 24. Rd6 Nc6 25. f4 Na5 26. b4 Nc4 27. Rd4 Nb6 28. a5
Nd7 29. Rad1 f6 30. exf6 Nxf6 31. Na4 Bd7 32. Nc5 Bb5 33. Bxb7 Rxb7 34. Nxb7 Nd5
35. g3 Nc3 36. Nd6 Ne2+ 37. Kf2 Nxd4 38. Rxd4 Bc6 39. Rc4 Bd5 40. Rc8 Rxc8 41.
Nxc8 Kf7 42. Ke3 Ke8 43. Kd4 Bb3 44. Nd6+ Ke7 45. Ne4 Ba4 46. Nc3 Bb3 47. Ke5
Bc4 48. Ne4 Bd3 49. Kd4 Bf1 50. Kc5 Bd3 51. Nc3 g5 52. fxg5 hxg5 53. Kd4 Bc2 54.
Ke5 Bd3 55. Na4 g4 56. Nc5 Bc4 57. Ne4 Be2 58. Nf2 Kd7 59. Ne4 Ke7 60. Nc3 Bf3
61. b5 axb5 62. Nxb5 Kd7 63. Nd4 Bd5 64. Nc2 Bc4 65. Ne3 Be2 66. Ng2 Bf3 67. Nf4
Bd1 68. Nxe6 1-0

[Event "Druzynowe Mistrzostwa Polski Juniorow - Ekstraliga"]
[Site "Suchedniow"]
[Date "1899-12-30"]
[Round "3.25"]
[White "Chomczyk, Marek"]
[Black "Janik, Igor"]
[Result "1-0"]
[WhiteTitle "k"]
[BlackTitle "FM"]
[WhiteElo "2167"]
[BlackElo "2318"]

1. d4 d6 2. e4 Nf6 3. Nc3 g6 4. h3 Bg7 5. g4 b6 6. Bg2 Bb7 7. Be3 h5 8. g5 Nfd7
9. f4 O-O 10. Qd2 Na6 11. Nf3 c5 12. d5 Nc7 13. O-O b5 14. Rae1 b4 15. Nd1 Nb6
16. b3 Nb5 17. Nh4 Nd7 18. e5 dxe5 19. f5 gxf5 20. Nxf5 Nd6 21. Nxd6 exd6 22.
Qe2 f5 23. Qxh5 Qe8 24. g6 Rf6 25. Qh7+ Kf8 26. Bg5 Qxg6 27. Qxg6 Rxg6 28. Rxf5+
Bf6 29. h4 Ke7 30. Ne3 Rag8 31. Ref1 Bxg5 32. hxg5 Rxg5 33. Rxg5 Rxg5 34. Nf5+
Kd8 35. Nxd6 Bxd5 36. Nf7+ Bxf7 37. Rxf7 Rg6 38. Rh7 Ra6 39. Bh3 Nb6 40. Bf5 Rxa2
41. Rb7 Ke8 42. Bg6+ Kf8 43. Be4 Ke8 44. Bg6+ Kd8 45. Bf5 c4 46. bxc4 Nxc4 47.
Rxb4 Nd6 48. Bh7 Kc7 49. Kf2 Kc6 50. Ke3 Kc5 51. Rb3 Ra1 52. Rc3+ Nc4+ 53. Ke4
Rg1 54. Bf5 Re1+ 55. Kf3 Rf1+ 56. Kg4 Rf4+ 57. Kg5 a5 58. Rb3 a4 59. Rb8 a3 60.
Be6 Nb6 61. Rb7 Kc6 62. Ra7 Ra4 63. Bd7+ Nxd7 64. Rxa4 Kb5 65. Rxa3 Kc4 66. Kf5
Nb8 67. Kxe5 Nc6+ 68. Ke4 Nb4 69. Ra4 Kc3 70. Rxb4 Kxb4 71. Kd4 1-0

[Event "Druzynowe Mistrzostwa Polski Juniorow - Ekstraliga"]
[Site "Suchedniow"]
[Date "1899-12-30"]
[Round "3.26"]
[White "Delekta, Filip"]
[Black "Kowalski, Igor"]
[Result "1/2-1/2"]
[WhiteTitle "I++"]
[BlackTitle "k"]
[WhiteElo "2209"]
[BlackElo "2131"]

1. c4 Nf6 2. Nc3 e6 3. d4 Bb4 4. a3 Bxc3+ 5. bxc3 O-O 6. Nf3 b6 7. Bg5 Bb7 8. e3
h6 9. Bxf6 Qxf6 10. Bd3 d6 11. O-O c5 12. Nd2 Nc6 13. Qg4 Rac8 14. Qg3 Qe7 15.
f4 f5 16. d5 Na5 17. e4 exd5 18. exd5 Qf6 19. Bc2 Ba6 20. Qd3 Rce8 21. Rae1 Re7
22. Ba4 Rff7 23. g3 Rxe1 24. Rxe1 Re7 25. Rxe7 Qxe7 26. Kf2 g6 27. Bb5 Bxb5 28.
cxb5 Kf7 29. Qe3 Qxe3+ 30. Kxe3 Kf6 31. Kf3 Ke7 32. g4 Kf6 33. gxf5 gxf5 34. Kg3
Kf7 35. Kf3 Kg6 36. Kg3 Kf7 1/2-1/2

[Event "Druzynowe Mistrzostwa Polski Juniorow - Ekstraliga"]
[Site "Suchedniow"]
[Date "1899-12-30"]
[Round "3.27"]
[White "Pacan-milej, Kosma"]
[Black "Chyzy, Jakub"]
[Result "1/2-1/2"]
[WhiteTitle "I"]
[BlackTitle "I"]
[WhiteElo "2033"]
[BlackElo "1805"]

1. d4 d5 2. c4 e6 3. Nc3 Nf6 4. cxd5 exd5 5. Bg5 Nbd7 6. e3 Be7 7. Bd3 O-O 8. Qc2
Re8 9. Nge2 Nf8 10. O-O c6 11. f3 Be6 12. Rad1 a6 13. Kh1 Rc8 14. Nf4 Bd7 15.
Bh4 h6 16. Bf2 Ne6 17. Nxe6 Bxe6 18. Na4 Nd7 19. f4 Bg4 20. Rc1 b5 21. Nc3 Nb6
22. f5 f6 23. Ne2 Bxe2 24. Qxe2 Bd6 25. b3 Qd7 26. Qf3 Re7 27. e4 Bc7 28. e5 fxe5
29. dxe5 Rxe5 30. Bd4 Rf8 31. Bxe5 Bxe5 32. Qe3 Qc7 33. Rfe1 Nd7 34. g3 c5 35.
Qf3 Qd6 36. Bf1 Rc8 37. Bg2 Nf6 38. Qe3 Ng4 39. Qe2 Bxg3 40. Qxg4 Bxe1 41. f6
Rc7 42. Rxe1 Qxf6 43. Bxd5+ Kh7 44. Qe4+ g6 45. Qe8 Rg7 46. Bg2 Qd6 47. Rf1 Qd4
48. h3 Qd3 49. Qc8 Qd6 50. Qa8 Rd7 51. Rf8 Qd1+ 52. Rf1 Qd6 53. Rf8 Qd1+ 54. Bf1
Qd6 55. Rh8+ Kg7 56. Rg8+ Kh7 57. Rb8 Qf6 58. Qg2 h5 59. Rb7 Rxb7 60. Qxb7+ Kh6
61. Qg2 Qe6 62. Qd2+ Kh7 63. Qe2 Qf6 64. Bg2 Qc3 65. Qe7+ Kh6 66. Qf8+ Kh7 67.
Qf7+ Kh6 68. Qf4+ Kh7 69. Qc7+ Kh6 70. Kh2 c4 71. Qc5 Qc2 72. bxc4 bxc4 73. Qe3+
Kh7 74. Qa7+ Kh6 75. Qe3+ Kh7 76. Qa7+ Kh6 77. Qe3+ 1/2-1/2

[Event "Druzynowe Mistrzostwa Polski Juniorow - Ekstraliga"]
[Site "Suchedniow"]
[Date "1899-12-30"]
[Round "3.28"]
[White "Czechowski, Jakub"]
[Black "Ossolinski, Ziemowit"]
[Result "1-0"]
[WhiteTitle "II"]
[BlackTitle "I"]
[WhiteElo "1634"]
[BlackElo "1845"]

1. e4 e6 2. d4 d5 3. Nd2 dxe4 4. Nxe4 Nd7 5. c4 Ngf6 6. Bd3 Nxe4 7. Bxe4 Nf6 8.
Bc2 c5 9. Be3 cxd4 10. Bxd4 Bb4+ 11. Bc3 Bxc3+ 12. bxc3 Qc7 13. Qe2 b5 14. Nf3
O-O 15. O-O bxc4 16. Ne5 Ba6 17. Rfd1 Rac8 18. g4 Nd5 19. g5 Nf4 20. Qe3 Ng6 21.
Bxg6 hxg6 22. Rd7 Qc5 23. Qxc5 Rxc5 24. f4 Ra8 25. Rad1 Rf8 26. Rxa7 Bb5 27. a4
Be8 28. Rd4 f6 29. Nd7 Bxd7 30. Rdxd7 Rb8 31. Rxg7+ Kh8 32. Rh7+ Kg8 33. Rag7+
Kf8 34. gxf6 Rh5 35. Rf7+ Kg8 36. Rfg7+ Kf8 37. Rxh5 gxh5 38. Rc7 Ra8 39. Rxc4
Kf7 40. Kg2 Kxf6 41. Kf3 Ra5 42. Rb4 Kg6 43. h4 Kf6 44. Ke3 Ra8 45. c4 Ra5 46.
Kd3 Kg6 47. Kd4 Rf5 48. c5 Rxf4+ 49. Kc3 Rf7 50. c6 Rc7 51. Rc4 Kf6 52. Kd4 Ke7
53. Kc5 Kd8 54. a5 Kc8 55. a6 Kb8 56. Kb6 Rc8 57. Rd4 e5 58. Rd6 e4 59. c7+ Rxc7
60. Rd8+ 1-0

[Event "Druzynowe Mistrzostwa Polski Juniorow - Ekstraliga"]
[Site "Suchedniow"]
[Date "1899-12-30"]
[Round "3.29"]
[White "Kaczmarska, Joanna"]
[Black "Malinowska, Monika"]
[Result "1-0"]
[WhiteTitle "k"]
[BlackTitle "I"]
[WhiteElo "1923"]
[BlackElo "1378"]

1. d4 c5 2. d5 e5 3. e4 d6 4. Nc3 a6 5. a4 Be7 6. Nf3 Bg4 7. h3 Bxf3 8. Qxf3 Bg5
9. Bxg5 Qxg5 10. g3 Nd7 11. h4 Qe7 12. Nd1 h5 13. Ne3 g6 14. Bd3 Nh6 15. c3 O-O
16. Kd2 Rfc8 17. Qe2 Nf6 18. f3 Qd7 19. a5 Rc7 20. Rhg1 Kg7 21. g4 Nhg8 22. Nc4
Rf8 23. Bc2 Ne7 24. Ba4 Qd8 25. g5 Nh7 26. Raf1 f5 27. Ne3 Rc8 28. Nc4 Rf7 29.
Bc2 Qc7 30. Rg2 Rcf8 31. Rgf2 Qd7 32. Nb6 Qb5 33. Nc4 Qd7 34. Bd3 Qc7 35. Qe3
f4 36. Qe1 Nc8 37. Qe2 Qd7 38. Ra1 Re8 39. Bc2 Qc7 40. Ra2 Nf8 41. Rf1 Na7 42.
Rc1 Rd8 43. Rca1 Nd7 44. Ke1 Nf8 45. Kf2 Qc8 46. Kg2 Qc7 47. Bd3 Nb5 48. Nb6 Na7
49. Qc2 Nd7 50. Qb3 Nc8 51. Nc4 Na7 52. Nb6 Rb8 53. Nxd7 Rxd7 54. Qa4 Ra8 55.
Qc2 Rdd8 56. Qe2 Rdb8 57. Bc4 Nc8 58. b3 Ra7 59. Kh2 Rba8 60. Kg2 Kf7 61. Kh2
Ke7 62. Kg2 Kd8 63. Kh2 b6 64. axb6 Qxb6 65. Rxa6 Rxa6 66. Rxa6 Rxa6 67. Bxa6
Qxb3 68. Bxc8 Kxc8 69. Qa6+ Kd7 70. Qc6+ Ke7 71. Qc7+ Ke8 72. Qc8+ Kf7 73. Qe6+
Kg7 74. Qf6+ Kh7 75. Qf7+ Kh8 76. Qf8+ Kh7 77. Qh6+ Kg8 78. Qxg6+ Kf8 79. Qxd6+
Kg8 80. Qg6+ Kf8 81. Qf6+ Kg8 82. g6 Qb2+ 83. Kh3 Qb7 84. Qxe5 Qc8+ 85. Qf5 Qb7
86. Qxf4 Kg7 87. Qf7+ 1-0

[Event "Druzynowe Mistrzostwa Polski Juniorow - Ekstraliga"]
[Site "Suchedniow"]
[Date "1899-12-30"]
[Round "3.30"]
[White "Kaniowska, Anna"]
[Black "Malicka, Maria"]
[Result "0-1"]
[WhiteTitle "II+"]
[BlackTitle "k+"]
[WhiteElo "1390"]
[BlackElo "1938"]

1. d4 Nf6 2. c4 e6 3. g3 c5 4. Nf3 cxd4 5. Nxd4 Nc6 6. Bg2 a6 7. O-O Bc5 8. Nxc6
bxc6 9. Nc3 O-O 10. Bf4 d5 11. cxd5 cxd5 12. Rc1 Bb7 13. Qb3 Qb6 14. Qxb6 Bxb6
15. Na4 Bd4 16. Rc7 Bc8 17. b3 Bd7 18. Rfc1 Bxa4 19. bxa4 Ng4 20. e3 Be5 21. Bxe5
Nxe5 22. Bf1 g6 23. Be2 Rfb8 24. f4 Rb2 25. Kf1 Nc4 26. Bxc4 dxc4 27. R7xc4 Rxh2
28. R4c2 Rxc2 29. Rxc2 Ra7 30. Ke2 Kf8 31. Rc6 Ke7 32. Kf3 Kd7 33. Rc2 Kd6 34.
Rc4 Rb7 35. Rd4+ Kc5 36. Rd8 Kb4 37. Ra8 a5 38. Rh8 h5 39. Rd8 Kxa4 40. Rd4+ Ka3
41. Rd2 Rb6 42. Rd7 Kxa2 43. Ra7 Rb5 44. Rxf7 a4 45. Ra7 a3 46. Rd7 Kb1 47. Rd1+
Kc2 48. Rd6 a2 49. Rc6+ Kb2 0-1

[Event "Druzynowe Mistrzostwa Polski Juniorow - Ekstraliga"]
[Site "Suchedniow"]
[Date "1899-12-30"]
[Round "4.1"]
[White "Golda, Sebastian"]
[Black "Janik, Igor"]
[Result "1-0"]
[WhiteTitle "I"]
[BlackTitle "FM"]
[WhiteElo "1932"]
[BlackElo "2318"]

1. e4 c5 2. Nf3 Nc6 3. Bb5 g6 4. Bxc6 bxc6 5. O-O Bg7 6. Re1 Nf6 7. e5 Nd5 8. c4
Nc7 9. d4 cxd4 10. Qxd4 Ne6 11. Qh4 Rb8 12. Nc3 Qa5 13. Bd2 Rxb2 14. Nd5 Qd8 15.
Ba5 Rb6 16. Nxb6 axb6 17. Bc3 O-O 18. a4 Nc5 19. Ra3 h6 20. Bd2 Kh7 21. a5 f6
22. exf6 exf6 23. axb6 g5 24. Qd4 d6 25. Rae3 Rf7 26. Re8 Qd7 27. Bc3 f5 28. Qe3
Ne4 29. Rxe4 fxe4 30. Qxe4+ Qf5 31. Qxf5+ Bxf5 32. Bxg7 Kxg7 33. Nd4 Kf6 34. Nxc6
Rb7 35. Nb4 Be6 36. Nd5+ Bxd5 37. cxd5 Rxb6 38. Re6+ Kf5 39. h3 h5 40. g3 Ra6
41. Kg2 Rb6 42. Rh6 Ra6 43. Rxh5 Kg6 44. g4 Ra4 45. Kg3 Rd4 46. h4 Rd3+ 47. f3
gxh4+ 48. Rxh4 Rxd5 49. Rh8 Rd1 50. Re8 Kf7 51. Re2 Kf6 52. Kf4 Rd4+ 53. Re4 Rd5
54. Ra4 Kg6 55. Ke4 Re5+ 56. Kf4 Rd5 57. Ra8 Rd4+ 58. Kg3 Rd1 59. Rg8+ Kf7 60.
Rg5 Rd4 61. Rh5 Kf6 62. f4 Rd3+ 63. Kh4 Rd4 64. f5 Kg7 65. Kg5 Re4 66. Rh2 d5
67. f6+ Kg8 68. Kf5 Re1 69. Kg6 Re6 70. Rd2 Rd6 71. g5 d4 72. Re2 Rd8 73. Re7
d3 74. Rg7+ Kf8 75. Rh7 Ke8 76. Rh8+ Kd7 77. Rxd8+ Kxd8 78. f7 1-0

[Event "Druzynowe Mistrzostwa Polski Juniorow - Ekstraliga"]
[Site "Suchedniow"]
[Date "1899-12-30"]
[Round "4.2"]
[White "Delekta, Filip"]
[Black "Marczuk, Anna"]
[Result "1-0"]
[WhiteTitle "I++"]
[BlackTitle "k"]
[WhiteElo "2209"]
[BlackElo "1931"]

1. d4 d6 2. c4 e5 3. Nf3 e4 4. Ng5 f5 5. g3 Nf6 6. Bg2 Be7 7. O-O O-O 8. Nc3 c6
9. d5 Ng4 10. Nh3 Ne5 11. b3 c5 12. f3 exf3 13. exf3 Bf6 14. Qc2 Na6 15. a3 Nc7
16. Bb2 a6 17. a4 b6 18. Nf2 Bd7 19. f4 Nf7 20. Rfe1 Re8 21. Bh3 Rxe1+ 22. Rxe1
g6 23. Kh1 Nh6 24. Qe2 Rb8 25. Ncd1 Kf7 26. Bxf6 Kxf6 27. g4 Kf7 28. Ne3 fxg4
29. Nexg4 Nf5 30. Ne4 Qh4 31. Nxd6+ Nxd6 32. Ne5+ Kg7 33. Bxd7 Qxf4 34. Rf1 Qg5
35. Qb2 Kg8 36. Ng4 Nde8 37. d6 Nxd6 38. Nf6+ Kg7 39. Ne4+ 1-0

[Event "Druzynowe Mistrzostwa Polski Juniorow - Ekstraliga"]
[Site "Suchedniow"]
[Date "1899-12-30"]
[Round "4.3"]
[White "Szczurek, Krzysztof"]
[Black "Koziorowicz, Michal"]
[Result "1/2-1/2"]
[WhiteTitle "I"]
[BlackTitle "I"]
[WhiteElo "1926"]
[BlackElo "1758"]

1. e4 c5 2. c3 d5 3. exd5 Qxd5 4. d4 Nc6 5. Nf3 Bf5 6. Be3 O-O-O 7. Nbd2 e6 8.
Bc4 Qd7 9. dxc5 Nf6 10. Nd4 Ng4 11. b4 Nxe3 12. fxe3 Ne5 13. Nxf5 exf5 14. Be2
Nd3+ 15. Bxd3 Qxd3 16. Qe2 Qxc3 17. Rd1 Qxb4 18. c6 Bc5 19. O-O Rhe8 20. cxb7+
Kb8 21. Nc4 Rxd1 22. Rxd1 Qc3 23. Rd3 Qc1+ 24. Rd1 Qc3 25. Rd3 Qa1+ 26. Rd1 Qf6
27. Rd5 Bb6 28. Qf3 f4 29. Nxb6 axb6 30. Qxf4+ Qxf4 31. exf4 Re7 32. Kf2 Kxb7
33. Rd8 Kc6 34. Kf3 Ra7 35. Rd2 Re7 36. Rb2 b5 37. Rc2+ Kb6 38. Rb2 Kc5 39. f5
b4 40. Kf4 f6 41. g4 h6 1/2-1/2

[Event "Druzynowe Mistrzostwa Polski Juniorow - Ekstraliga"]
[Site "Suchedniow"]
[Date "1899-12-30"]
[Round "4.4"]
[White "Czechowski, Jakub"]
[Black "Korcyl, Patryk"]
[Result "1/2-1/2"]
[WhiteTitle "II"]
[BlackTitle "II"]
[WhiteElo "1634"]
[BlackElo "1564"]

1. e4 c5 2. Nf3 d6 3. d4 cxd4 4. Nxd4 Nf6 5. Nc3 a6 6. Be3 e5 7. Nb3 Be7 8. f3
Be6 9. Qd2 O-O 10. O-O-O Nbd7 11. g4 Rc8 12. g5 Nh5 13. Nd5 Bxd5 14. exd5 Nb6
15. Rg1 Qc7 16. Qf2 Nc4 17. Bxc4 Qxc4 18. Kb1 Nf4 19. Bxf4 Qxf4 20. Rg4 Qf5 21.
h4 Bd8 22. Qg2 Rc7 23. Rf1 f6 24. f4 fxg5 25. hxg5 exf4 26. Nd4 Qe5 27. Ne6 f3
28. Qd2 Rcf7 29. Nxf8 Qe2 30. Qxe2 fxe2 31. Re1 Rf1 32. Rg1 Rxg1 33. Rxg1 Kxf8
34. Re1 Bxg5 35. Rxe2 Kf7 36. c4 Bf4 37. Kc2 g5 38. Kd3 b6 39. b4 h5 40. a4 a5
41. bxa5 bxa5 42. Re6 h4 43. Ke4 h3 44. Rh6 h2 45. Kf3 Kg7 46. Rh5 1/2-1/2

[Event "Druzynowe Mistrzostwa Polski Juniorow - Ekstraliga"]
[Site "Suchedniow"]
[Date "1899-12-30"]
[Round "4.5"]
[White "Jedrocha, Katarzyna"]
[Black "Malinowska, Monika"]
[Result "0-1"]
[WhiteTitle "k"]
[BlackTitle "I"]
[WhiteElo "1948"]
[BlackElo "1378"]

1. d4 d5 2. c4 e6 3. Nc3 Nf6 4. Bg5 Be7 5. cxd5 exd5 6. e3 Nbd7 7. Bd3 c6 8. Qc2
O-O 9. Nf3 Re8 10. O-O-O Nf8 11. h3 Ne4 12. Bf4 Nxc3 13. Qxc3 a5 14. Kb1 Bb4 15.
Qc2 Be6 16. Ng5 h6 17. Nf3 Rc8 18. Rc1 c5 19. dxc5 Bxc5 20. Qa4 Ng6 21. Bh2 b5
22. Qxb5 Bd7 23. Qb3 Qf6 24. Qc3 Qb6 25. Qd2 a4 26. Rc2 a3 27. b3 Bb4 28. Qd1
Bc3 29. Nd4 Ba4 30. Qc1 Bb2 31. Rxc8 Bxc1 32. Rhxc1 Rxc8 33. Rxc8+ Kh7 34. h4
h5 35. g4 Bd7 36. Rc7 Bxg4 37. Rxf7 Qa5 38. Rc7 Qe1+ 39. Rc1 Qxf2 40. Rc2 Qe1+
41. Rc1 Qd2 42. Bxg6+ Kxg6 43. Rc2 Qxe3 44. Nc6 Qe1+ 45. Rc1 Bf5+ 0-1